| 000 | 01624nmc a2200433 a 4500 | ||
|---|---|---|---|
| 003 | AR-BaBNM | ||
| 005 | 20251128203756.0 | ||
| 008 | 107019s1969 ||||||||||||||000 | spa|| | ||
| 040 | _cAR-BaBNM | ||
| 245 | 1 | 0 |
_aPlaneamiento _bsus bases económicas y sociales |
| 250 | _a1ª ed. | ||
| 260 |
_aBuenos Aires _bEstrada _c1969 |
||
| 300 | 0 |
_a207 p. _btablas |
|
| 490 | 0 | _aBiblioteca de Ciencias de la Educación | |
| 500 | _aContiene el informe preliminar de la UNESCO para la Conferencia Internacional sobre Planeamiento de la Educación realizada en París en agosto de 1968 | ||
| 500 | 1 | _aContiene en apéndice documental: Conclusiones programáticas del Seminario sobre Planificación Escolar, llevado a cabo en Washington en 1958 por iniciativa de la OEA y la UNESCO | |
| 500 | 0 | _aConclusiones del Encuentro de Villa Falconeri realizado en Frascati durante el mes de mayo de 1961 | |
| 504 | _aContiene referencias bibliográficas en notas a pie de página | ||
| 650 | 4 | _aEDUCACION COMPARADA | |
| 650 | 4 | _aESTADO Y EDUCACION | |
| 650 | 4 | _aECONOMIA DE LA EDUCACION | |
| 650 | 4 | _aPLANIFICADORES DE LA EDUCACION | |
| 651 | 4 | _aEuropa | |
| 651 | 4 | _aEstados Unidos | |
| 651 | 4 | _aCanadá | |
| 651 | 4 | _aAsia | |
| 651 | 4 | _aAmérica Latina | |
| 651 | 4 | _aAfrica | |
| 651 | 4 | _aMedio Oriente | |
| 653 | 0 | _aPLANEAMIENTO EDUCATIVO | |
| 700 | 1 | _aBetancur Mejía, Gabriel | |
| 700 | 1 | _aTamborlini, Camillo | |
| 700 | 1 | _aDíez Hochleitner, Ricardo | |
| 700 | 1 | _aGozzer, Giovanni | |
| 700 | 1 | _aGelderen, Alfredo Manuel van | |
| 800 | 1 |
_aZanotti, Luis Jorge _edirector |
|
| 942 | _cBK | ||
| 998 | _cSILVI | ||
| 999 |
_c4900 _d4900 |
||